Statistiques concernant Capitales de l'Europe en fonction du drapeau

Cliquez ici pour prendre le quiz!

Statistiques générales

  • Ce quiz a été pris 227 fois
  • Le résultat moyen est 34 sur 45

Statistiques - réponses

Réponse% Correct
Paris
100%
Londres
99%
Rome
97%
Moscou
95%
Athenes
93%
Dublin
93%
Amsterdam
91%
Berlin
91%
Bruxelles
91%
Kiev
91%
Berne
89%
Madrid
88%
Stockholm
87%
Oslo
86%
Lisbonne
84%
Monaco
83%
Vatican
83%
Helsinki
82%
Copenhague
81%
Varsovie
81%
Vienne
81%
Bucarest
77%
Budapest
77%
Luxembourg
77%
Prague
76%
Reykjavik
75%
Sofia
75%
Saint-Marin
73%
Zagreb
73%
La Valette
72%
Andorre-la-Vieille
68%
Tirana
65%
Minsk
62%
Riga
61%
Tallinn
61%
Bratislava
59%
Sarajevo
59%
Belgrade
57%
Skopje
54%
Vaduz
53%
Vilnius
53%
Ljubljana
52%
Chisinau
51%
Pristina
49%
Podgorica
44%

Distribution des résultats

Percentile par nombre de réponses

% des personnes avec chaque résultat

Votre développement - résultats

Vous n’avez pas pris ce quiz